000 01606nam0a2200325 4500
001 RU\NLR\BIBL_A\010539497
005 20260406075147.0
010 _a978-5-9631-0190-2
_9100
021 _aRU
_b2014-71439
_94377
035 _a(NILC)LIBNET\0000349487
035 _a(NLR Aleph) 010539497
090 _a10290237
_c10290237
100 _a20141121d2013 |||y0rusy50 ca
101 0 _arus
102 _aRU
105 _aac||z|||000gy
200 1 _aЗемле удмуртской
_eстихи, песни, поэмы
_fВладимир Тяптин
210 _aИжевск
_cПроект
_d2013
215 _a246, [9] c., [8] л. цв. ил.
_cцв. портр.
327 1 _aСодерж.: Разд.: Гимн Удмуртии; Земля в любое время хороша; Земля и люди; Города, природа и природа; Ой, хочу, друзья, в деревню! Город больше не приемлю; Звенит восторженная лира: "Любовь, в тебе - все счастье мира!"; На произведения художников и скульпторов Удмуртии; Люблю тебя, хорошая!
686 _a84(2Рос=Рус)6-5
_vLBC/PL
_2rubbk
686 2 _aШ6(2=Р)8-5
700 1 _aТяптин
_bВ. Я.
_cпоэт
_f1940-2023
_gВладимир Яковлевич
_9162184
_3RU\NLR\AUTH\770162228
801 0 _aRU
_bНБР Удмуртия
_c20130605
_grcr
942 _cBOOK
980 _aNBR
980 _aNB